000 00652nab a2200205 a 4500
005 20220427115822.0
008 991125s1985 mx 000 0 spa u
035 _aUPN01000143049
100 1 _aAcle Tomasini, Guadalupe,
_d1947-
_936014
222 _aEDUCACION Y CIENCIA
245 _aAprendizaje y escolarización en poblaciones indígenas : retos de investigación y de práctica profesional
260 _aMérida, México
300 _a11-25
362 0 _a2004 Nueva época, vol. 8, no. 15, ene.-jun.
653 0 _aINDIGENAS
653 0 _aPSICOLOGO EDUCATIVO
653 0 _aCONDUCTA
653 0 _aPRACTICA PROFESIONAL
905 _aArticulo
999 _c115196
_d115196